| 000 | 01806cam a2200421 a 4500 | ||
|---|---|---|---|
| 001 | 13478840 | ||
| 003 | Nust | ||
| 005 | 20220831101923.0 | ||
| 008 | 040203s2004 nyua 000 1 eng | ||
| 010 | _a 2004002402 | ||
| 020 |
_a9780747580690 _cRs. 596 |
||
| 035 | _a(OCoLC)ocm54372887 | ||
| 038 | _aArshad | ||
| 040 |
_aDLC _cDLC _dYDX _dYBM _dDLC |
||
| 043 | _ae-uk-en | ||
| 050 | 0 | 0 |
_aPR6103.L375 _bJ65 2004 |
| 082 | 0 | 0 |
_a823 _bCLA |
| 100 | 1 |
_aClarke, Susanna. _912005 |
|
| 245 | 1 | 0 |
_aJonathan Strange & Mr Norrell / _cSusanna Clarke ; illustrations by Portia Rosenberg. |
| 246 | 3 | _aJonathan Strange and Mr Norrell | |
| 250 | _a1st U.S. ed. | ||
| 260 |
_aNew York : _bBloomsbury : _bDistributed to the trade by Holtzbrinck Publishers, _c2004. |
||
| 300 |
_a1006 p. : _bill. ; _c25 cm. |
||
| 505 | 0 | _aMr Norrell -- Jonathan Strange -- John Uskglass. | |
| 650 | 0 |
_aTeacher-student relationships _vFiction. _912007 |
|
| 650 | 0 |
_aMagicians _vFiction. _912008 |
|
| 650 | 0 |
_aFairies _vFiction. _911070 |
|
| 651 | 0 |
_aLondon (England) _vFiction. _97300 |
|
| 651 | 0 |
_aYork (England) _vFiction. _912009 |
|
| 655 | 7 |
_aHistorical fiction. _2gsafd _9417 |
|
| 655 | 7 |
_aFantasy fiction. _2gsafd _91087 |
|
| 856 | 4 | 2 |
_3Contributor biographical information _uhttp://www.loc.gov/catdir/bios/hol058/2004002402.html |
| 856 | 4 | 2 |
_3Publisher description _uhttp://www.loc.gov/catdir/description/hol053/2004002402.html |
| 856 | 4 | 1 |
_3Table of contents _uhttp://www.loc.gov/catdir/toc/ecip0414/2004002402.html |
| 906 |
_a7 _bcbc _corignew _d1 _eecip _f20 _gy-gencatlg |
||
| 942 |
_2ddc _cBK |
||
| 999 |
_c174379 _d174379 |
||